000 00716cam a22002413a 4500
001 16895
003 PGUSA
005 20140828083347.0
008 051017s2005||||xxu|||||s|||||000 | eng d
040 _aPGUSA
_beng
042 _adc
050 4 _aPR
100 1 _aHarris, Frank,
_d1856-1931
245 1 0 _aOscar Wilde, His Life and Confessions :
_bVolume 2
_h[electronic resource] /
_cFrank Harris
260 _bProject Gutenberg,
_c2005
506 _aPublic domain in the USA.
516 _aElectronic text
653 _aWilde, Oscar, 1854-1900
653 _aAuthors, Irish -- 19th century -- Biography
830 0 _aProject Gutenberg
_v16895
856 4 0 _uhttp://www.gutenberg.org/ebooks/16895
942 _cEB
999 _c246150
_d246150